Statistics for The Ultimate Baratheon Quiz

Click here to take the quiz!

General Stats

  • This quiz has been taken 417 times
  • The average score is 10 of 14

Answer Stats

HintAnswer% Correct
The Usurper KingRobert Baratheon
99%
Lord of DragonstoneStannis Baratheon
97%
The Usurper King's wifeCersei Lannister
95%
Lord of Storm's EndRenly Baratheon
95%
The Usurper King's bastard sonGendry
85%
His loverLoras Tyrell
82%
The Lord of Storm's End's wifeMargaery Tyrell
79%
Their daughterShireen Baratheon
71%
House Baratheon's wordsOurs Is The Fury
68%
House Baratheon are the Lords of where?Storm's End
60%
House Baratheon's sigilCrowned Stag
46%
The Lord of Dragonstone's wifeSelyse Florent
45%
Their fatherSteffon Baratheon
33%
Their motherCassana Baratheon
11%

Score Distribution

Percentile by Number Answered

Percent of People with Each Score

Your Score History

You have not taken this quiz